| 000 | 00747nam a2200253 a 4500 | ||
|---|---|---|---|
| 001 | BRCA_7690 | ||
| 005 | 20190320205940.0 | ||
| 008 | 160813s1960----sp-ae#####---#000-0#eng-# | ||
| 041 | _aeng | ||
| 044 | _asp | ||
| 050 | 4 |
_aDP402.A9 _b.C45 1960 |
|
| 100 | 1 |
_aCela, Camilo José _918992 |
|
| 245 | 1 | 0 |
_aAvila _cCamilo José Cela ; english translation by John Forrester. |
| 250 | _a3 | ||
| 260 |
_aBarcelona _bNoguer _c1960 |
||
| 300 |
_a27 p. _bil., mapas, planos _c19 cm. |
||
| 440 | 0 |
_aAndar y Ver, Guides to Spain _918993 |
|
| 500 | _aU29 | ||
| 520 | 3 | _aPractical information supplement to the guide to Avila | |
| 651 | 4 |
_aÁvila, España _xDescripción _918994 |
|
| 700 | 1 |
_aForrester, John _etr. _918995 |
|
| 902 | _aGFM | ||
| 942 |
_2lcc _cB |
||
| 999 |
_c7364 _d7364 |
||